Las competencias en la educación: un balance
Kaydedildi:
| Asıl Yazarlar: | , , , |
|---|---|
| Materyal Türü: | Kitap |
| Dil: | İspanyolca |
| Baskı/Yayın Bilgisi: |
Ciudad de México
Fondo de Cultura Económica
2007
|
| Edisyon: | 1a. ed |
| Seri Bilgileri: | Colección Popular, 676
|
| Konular: | |
| Etiketler: |
Etiketle
Etiket eklenmemiş, İlk siz ekleyin!
|
MARC
| LEADER | 00000nam a2200000 a 4500 | ||
|---|---|---|---|
| 001 | UCI9412 | ||
| 003 | CL-VaPUC | ||
| 008 | 081120e20070000MX |||||||||||||||||spa|d | ||
| 020 | |a 9789681679149 | ||
| 082 | 0 | 4 | |a 371.12 |b DEN |2 21 |
| 100 | 0 | |a Denyer, Monique |e author |9 533137 | |
| 700 | 0 | |a Furnémont, Jacques |e author |9 533138 | |
| 700 | 0 | |a Poulain, Roger |e author |9 533139 | |
| 700 | 0 | |a Vanloubbeeck, Georges |e author |9 533140 | |
| 245 | 1 | 4 | |a Las competencias en la educación: un balance |
| 250 | |a 1a. ed | ||
| 300 | |a 201 p | ||
| 942 | |c BK | ||
| 945 | |d 20081120 00:00:00 |a rbrito | ||
| 260 | |a Ciudad de México |b Fondo de Cultura Económica |c 2007 | ||
| 650 | 0 | |a Formación profesional de profesores |9 307493 | |
| 650 | 0 | |a Competencias |9 341916 | |
| 583 | |a last modification |c 20081120 00:00:00 |k Rodrigo Vera | ||
| 490 | 0 | |a Colección Popular, 676 | |
| 999 | |c 331949 |d 331947 | ||
| 952 | |0 0 |1 0 |4 0 |6 371_120000000000000_DEN_2007 |7 0 |8 A |9 419195 |a BIBEDU |b BIBEDU |d 2019-11-22 |i 4497953 |o 371.12 DEN 2007 |p 4497953 |r 2019-11-22 |w 2019-11-22 |y BK |k EFI | ||
| 952 | |0 0 |1 0 |4 0 |6 371_120000000000000_DEN_2007 |7 0 |8 A |9 419196 |a BIBHIS |b BIBHIS |d 2019-11-22 |i 4588991 |o 371.12 DEN 2007 |p 4588991 |r 2025-01-20 |w 2019-11-22 |y BK |k HIS | ||
| 952 | |0 0 |1 0 |4 0 |6 371_120000000000000_DEN_2007 |7 0 |8 A |9 419197 |a BIBEDU |b BIBEDU |d 2019-11-22 |i 4756568 |l 1 |m 1 |o 371.12 DEN 2007 |p 4756568 |r 2023-09-26 |s 2023-09-14 |w 2019-11-22 |y BK |k EPE | ||